[Event "Ruhrgebiet VK2 9899"]
[Site "Ruhrgebiet"]
[Date "1999.04.??"]
[Round "8"]
[White "Korte, Markus"]
[Black "Benschop, Anne Marie"]
[Result "0-1"]
[WhiteElo "2185"]
[BlackElo "2166"]
[PlyCount "86"]
[EventDate "1998.??.??"]
[EventType "team"]
[EventRounds "9"]
[EventCountry "GER"]
[SourceTitle "EXT 2002"]
[Source "ChessBase"]
[SourceDate "2001.11.25"]
[SourceVersion "1"]
[SourceVersionDate "2001.11.25"]
[SourceQuality "1"]

1. e4 e5 2. Nf3 Nc6 3. Bc4 Bc5 4. c3 Nf6 5. d3 d6 6. 0-0 0-0 7. Bb3 h6 8. Nbd2 Re8 9. h3 a6 10. Re1 b5 11. a4 Bb7 12. Nf1 Ne7 13. Ng3 Ng6 14. Qc2 Bb6 15. d4 c5 16. dxc5 dxc5 17. Be3 c4 18. Ba2 Nf4 19. Rad1 Qc7 20. Bxb6 Qxb6 21. b3 Nd3 22. Re2 Nc5 23. a5 cxb3 24. Bxb3 Qxa5 25. Ba2 Rad8 26. Rxd8 Qxd8 27. Rd2 Qc7 28. Bd5 Nxd5 29. exd5 e4 30. d6 Qc6 31. Nd4 Qxd6 32. Nxb5 Qc6 33. Nd4 Qc7 34. Ngf5 Qf4 35. Qd1 Kh7 36. g3 Qe5 37. Qg4 Bc8 38. Qh5 e3 39. fxe3 Ne4 40. Rg2 Ng5 41. Rf2 Bb7 42. Rf4 Qd5 43. e4 Rxe4 0-1

[Event "NED-ch (Women)"]
[Site "Rheden"]
[Date "1998.??.??"]
[Round "3"]
[White "Benschop, Anne Marie"]
[Black "Wuts, Helene"]
[Result "1/2-1/2"]
[WhiteElo "2150"]
[BlackElo "2095"]
[PlyCount "83"]
[EventDate "1998.06.??"]
[EventType "tourn"]
[EventRounds "9"]
[EventCountry "NED"]
[SourceTitle "EXT 1999"]
[Source "ChessBase"]
[SourceDate "1998.11.16"]
[SourceVersion "1"]
[SourceVersionDate "1998.11.16"]
[SourceQuality "1"]

1. e4 d6 2. d4 g6 3. Nf3 c6 4. g3 Bg7 5. Bg2 Nf6 6. Nbd2 b5 7. c3 a5 8. 0-0 0-0 9. h3 Nfd7 10. Re1 e5 11. a4 Bb7 12. Nf1 Qc7 13. Qc2 Nb6 14. axb5 cxb5 15. Ne3 Rc8 16. dxe5 dxe5 17. h4 b4 18. Bh3 N8d7 19. Rd1 Rd8 20. h5 Nc5 21. cxb4 axb4 22. Rxa8 Rxa8 23. Nd5 Bxd5 24. exd5 b3 25. Qe2 Rd8 26. h6 Bf8 27. Qxe5 Qxe5 28. Nxe5 Rxd5 29. Rxd5 Nxd5 30. Bg2 Ne7 31. Be3 Nf5 32. Bxc5 Bxc5 33. Bd5 Nxh6 34. Bxb3 Bd4 35. Nd3 Nf5 36. Kg2 h5 37. Bd5 Nd6 38. b4 Kf8 39. Kf3 Ke7 40. Bc6 Kd8 41. b5 Kc7 42. Nb4 1/2-1/2

[Event "NED-ch (Women)"]
[Site "Rheden"]
[Date "1998.??.??"]
[Round "9"]
[White "Lanchava, Tea"]
[Black "Benschop, Anne Marie"]
[Result "1/2-1/2"]
[WhiteElo "2260"]
[BlackElo "2150"]
[PlyCount "33"]
[EventDate "1998.06.??"]
[EventType "tourn"]
[EventRounds "9"]
[EventCountry "NED"]
[SourceTitle "EXT 1999"]
[Source "ChessBase"]
[SourceDate "1998.11.16"]
[SourceVersion "1"]
[SourceVersionDate "1998.11.16"]
[SourceQuality "1"]

1. d4 d5 2. c4 e6 3. Nc3 Nf6 4. cxd5 exd5 5. Bg5 Be7 6. e3 c6 7. Bd3 Bg4 8. Qc2 Nbd7 9. Nge2 Bxe2 10. Bxe2 0-0 11. 0-0 Re8 12. Rab1 a5 13. Na4 Ne4 14. Bf4 Bg5 15. Bxg5 Qxg5 16. Bf3 Qe7 17. a3 1/2-1/2

[Event "EU-chT (Women) 2nd"]
[Site "Pula"]
[Date "1997.??.??"]
[Round "7"]
[White "Velikhanli, Firuza"]
[Black "Benschop, Anne Marie"]
[Result "0-1"]
[WhiteElo "2350"]
[BlackElo "2145"]
[PlyCount "118"]
[EventDate "1997.05.05"]
[EventType "team-swiss"]
[EventRounds "9"]
[EventCountry "CRO"]
[SourceTitle "EXT 2020"]
[Source "ChessBase"]
[SourceDate "2019.10.17"]
[SourceVersion "1"]
[SourceVersionDate "2019.10.17"]
[SourceQuality "1"]
[WhiteTeam "Azerbaijan (W)"]
[BlackTeam "Netherlands (W)"]
[WhiteTeamCountry "AZE"]
[BlackTeamCountry "NED"]

1. e4 e5 2. Nf3 Nc6 3. Bb5 a6 4. Ba4 Nf6 5. d3 b5 6. Bb3 Be7 7. c3 d6 8. 0-0 0-0 9. Re1 Na5 10. Bc2 c5 11. a4 Bb7 12. Nbd2 Re8 13. Nf1 h6 14. Ng3 Bf8 15. Bd2 g6 16. h4 h5 17. Bg5 Be7 18. d4 Nh7 19. Bxe7 Qxe7 20. Qe2 Bc6 21. axb5 axb5 22. dxc5 dxc5 23. Nf1 Nf6 24. Ng5 Nb7 25. c4 Nd6 26. Nd2 Nh7 27. Ngf3 Nf8 28. cxb5 Nxb5 29. Bb3 Nd4 30. Nxd4 cxd4 31. Nf3 Qb4 32. Bc4 Kg7 33. b3 Qb7 34. Rac1 f6 35. Nd2 Ne6 36. g3 Ra2 37. Ra1 Rxa1 38. Rxa1 Nc5 39. b4 Nxe4 40. b5 Nc3 41. Qd3 Bd7 42. Nb3 Ra8 43. Rxa8 Qxa8 44. Nc5 Bh3 45. Ne6+ Kh7 46. f3 Qa1+ 47. Kh2 Bxe6 48. Bxe6 Qb2+ 49. Kh3 Qxb5 50. Bc4 Qb1 51. Qxb1 Nxb1 52. g4 Nd2 53. Be2 hxg4+ 54. Kxg4 Kh6 55. Kg3 Nb3 56. Bc4 Nc5 57. Bd5 g5 58. Kg4 gxh4 59. Kxh4 d3 0-1

[Event "Olympiad Women-32"]
[Site "Yerevan"]
[Date "1996.??.??"]
[Round "4"]
[White "Benschop, Anne Marie"]
[Black "Ramon Pita, Vivian"]
[Result "0-1"]
[WhiteElo "2150"]
[BlackElo "2260"]
[PlyCount "116"]
[EventDate "1996.09.15"]
[EventType "team-swiss"]
[EventRounds "14"]
[EventCountry "ARM"]
[SourceTitle "EXT 1997"]
[Source "ChessBase"]
[SourceDate "1996.11.15"]
[SourceVersion "1"]
[SourceVersionDate "1996.11.15"]
[SourceQuality "1"]

1. e4 e5 2. Nf3 Nc6 3. Bb5 a6 4. Ba4 Nf6 5. 0-0 Be7 6. Re1 b5 7. Bb3 d6 8. c3 0-0 9. h3 Na5 10. Bc2 c5 11. d4 Qc7 12. Nbd2 cxd4 13. cxd4 Rd8 14. d5 Bd7 15. Nf1 Rdc8 16. Bd3 Nb7 17. Bg5 Nc5 18. Rc1 Qd8 19. Bb1 a5 20. g4 Na4 21. Qd2 b4 22. Ng3 g6 23. Kh1 Rxc1 24. Rxc1 Nc5 25. Be3 Na4 26. Rg1 Kh8 27. Ng5 Be8 28. f4 exf4 29. Bxf4 Nd7 30. Rf1 Bf6 31. b3 Nc3 32. Be3 Kg8 33. Nf3 Qe7 34. Nd4 Qe5 35. Qg2 Nc5 36. Nf3 Qe7 37. Bxc5 dxc5 38. e5 Bxe5 39. Re1 f6 40. g5 Qd6 41. Nf5 gxf5 42. gxf6+ Bg3 43. Bxf5 Bg6 44. Nh4 Rf8 45. Be6+ Kh8 46. Nxg6+ hxg6 47. f7 Rxf7 48. Rg1 Rf2 49. Qxg3 Qxg3 50. Rxg3 Rd2 51. Rxg6 Nxa2 52. Rg8+ Kh7 53. Rc8 Nc1 54. Rxc5 Nxb3 55. Rb5 Nd4 56. Rxa5 Nf3 57. Bf5+ Kh6 58. Ra6+ Kg5 0-1

[Event "NED-ch (Women)"]
[Site "Rheden"]
[Date "1995.??.??"]
[Round "?"]
[White "Benschop, Anne Marie"]
[Black "Bos Swiecik, Iwona"]
[Result "0-1"]
[WhiteElo "2190"]
[BlackElo "2190"]
[PlyCount "78"]
[EventDate "1995.??.??"]
[EventType "tourn"]
[EventRounds "9"]
[EventCountry "NED"]
[SourceTitle "EXT 2006"]
[Source "ChessBase"]
[SourceDate "2005.11.24"]
[SourceVersion "1"]
[SourceVersionDate "2005.11.24"]
[SourceQuality "1"]

1. e4 c5 2. Nf3 d6 3. d4 cxd4 4. Nxd4 Nf6 5. Nc3 a6 6. Be3 e5 7. Nf3 Qc7 8. a4 Be7 9. a5 Be6 10. Nd5 Nxd5 11. exd5 Bf5 12. c3 Nd7 13. Be2 0-0 14. 0-0 Bg6 15. Nd2 f5 16. f4 Rae8 17. Nf3 Bh5 18. fxe5 dxe5 19. Nd2 Bxe2 20. Qxe2 Nf6 21. c4 Ng4 22. Bb6 Bc5+ 23. Bxc5 e4 24. g3 Qxc5+ 25. Kh1 Rf6 26. h4 Qd6 27. Rf4 e3 28. Nb3 Qb4 29. Nd4 Qd2 30. Kg2 Re4 31. Qxd2 exd2 32. Nc2 Re2+ 33. Kg1 d1Q+ 34. Rxd1 Rxc2 35. d6 Rf8 36. d7 Rd8 37. Rd3 g6 38. b4 Re2 39. Rdd4 Ne5 0-1

[Event "NED-ch (Women)"]
[Site "Rheden"]
[Date "1995.??.??"]
[Round "?"]
[White "Benschop, Anne Marie"]
[Black "De Mie, Mariska"]
[Result "0-1"]
[WhiteElo "2190"]
[BlackElo "2010"]
[PlyCount "76"]
[EventDate "1995.??.??"]
[EventType "tourn"]
[EventRounds "9"]
[EventCountry "NED"]
[SourceTitle "EXT 2006"]
[Source "ChessBase"]
[SourceDate "2005.11.24"]
[SourceVersion "1"]
[SourceVersionDate "2005.11.24"]
[SourceQuality "1"]

1. e4 c5 2. Nf3 e6 3. d4 cxd4 4. Nxd4 a6 5. Nc3 b5 6. Bd3 Bb7 7. 0-0 Nf6 8. e5 Nd5 9. Nxd5 Bxd5 10. a4 b4 11. Qe2 d6 12. exd6 Bxd6 13. Nf5 0-0 14. Nxd6 Qxd6 15. Qh5 f5 16. Bg5 Nd7 17. Rfe1 Nc5 18. Re3 e5 19. Rd1 Qe6 20. Rh3 h6 21. Bd2 Nxd3 22. Rxd3 Be4 23. Rg3 f4 24. Rh3 Bf5 25. Bxb4 Rfd8 26. Re1 Bxh3 27. Qxh3 Qxh3 28. gxh3 Rd5 29. Bc3 f3 30. h4 Rad8 31. h3 Rd1 32. Rxd1 Rxd1+ 33. Kh2 e4 34. Kg3 g5 35. hxg5 hxg5 36. Kh2 e3 37. Kg3 e2 38. Kxf3 e1Q 0-1

[Event "NED-ch (Women)"]
[Site "Rheden"]
[Date "1995.??.??"]
[Round "?"]
[White "De Kleuver, Esther"]
[Black "Benschop, Anne Marie"]
[Result "1-0"]
[WhiteElo "2165"]
[BlackElo "2190"]
[PlyCount "79"]
[EventDate "1995.??.??"]
[EventType "tourn"]
[EventRounds "9"]
[EventCountry "NED"]
[SourceTitle "EXT 2006"]
[Source "ChessBase"]
[SourceDate "2005.11.24"]
[SourceVersion "1"]
[SourceVersionDate "2005.11.24"]
[SourceQuality "1"]

1. e4 c5 2. Nf3 Nc6 3. d4 cxd4 4. Nxd4 Nf6 5. Nc3 e5 6. Ndb5 d6 7. Nd5 Nxd5 8. exd5 Ne7 9. c4 Nf5 10. Bd3 Be7 11. 0-0 0-0 12. Rb1 g6 13. b4 Bf6 14. Qb3 Bg7 15. c5 a6 16. Nc3 Nd4 17. Qd1 f5 18. Na4 f4 19. f3 Nf5 20. Be4 Bf6 21. Nb6 Rb8 22. Nxc8 Rxc8 23. Bxf5 gxf5 24. Ba3 a5 25. cxd6 Qxd6 26. Qd3 e4 27. bxa5 exd3 28. Bxd6 Rfd8 29. Bxf4 Rxd5 30. Rfd1 Bc3 31. Rxb7 Bxa5 32. Rb3 d2 33. Kf1 Kf7 34. Ke2 Rcd8 35. h4 Re8+ 36. Re3 Rc8 37. Rd3 Re8+ 38. Be3 Rde5 39. f4 Re4 40. Kf3 1-0

[Event "NED-ch (Women)"]
[Site "Rheden"]
[Date "1995.??.??"]
[Round "?"]
[White "Jansen, Peggy"]
[Black "Benschop, Anne Marie"]
[Result "1/2-1/2"]
[WhiteElo "2155"]
[BlackElo "2190"]
[PlyCount "81"]
[EventDate "1995.??.??"]
[EventType "tourn"]
[EventRounds "9"]
[EventCountry "NED"]
[SourceTitle "EXT 2006"]
[Source "ChessBase"]
[SourceDate "2005.11.24"]
[SourceVersion "1"]
[SourceVersionDate "2005.11.24"]
[SourceQuality "1"]

1. e4 c5 2. Nf3 Nc6 3. d4 cxd4 4. Nxd4 Nf6 5. Nc3 e5 6. Ndb5 d6 7. Bg5 a6 8. Na3 b5 9. Bxf6 gxf6 10. Nd5 f5 11. Bd3 Be6 12. 0-0 Bg7 13. Qh5 f4 14. c4 b4 15. Nc2 a5 16. Ne1 Rb8 17. g3 Qd7 18. f3 Ne7 19. Ng2 Ng6 20. Rab1 0-0 21. g4 Qd8 22. Rfd1 Bxd5 23. exd5 Re8 24. Be4 Bf8 25. h4 Rc8 26. Rbc1 Rc7 27. Bd3 Qc8 28. Bf5 Qd8 29. g5 Qb8 30. Qg4 Ne7 31. Be4 Qc8 32. Qxc8 Rexc8 33. b3 Bg7 34. Kh2 f5 35. gxf6 Bxf6 36. Kh3 Ng6 37. Rg1 Rg7 38. Bf5 Rcc7 39. Bg4 Bd8 40. Rc2 Nf8 41. Re1 1/2-1/2

[Event "NED-ch (Women)"]
[Site "Rheden"]
[Date "1995.??.??"]
[Round "?"]
[White "Owczarzak, Jerzy"]
[Black "Benschop, Anne Marie"]
[Result "1/2-1/2"]
[WhiteElo "2210"]
[BlackElo "2190"]
[PlyCount "57"]
[EventDate "1995.??.??"]
[EventType "tourn"]
[EventRounds "9"]
[EventCountry "NED"]
[SourceTitle "EXT 2006"]
[Source "ChessBase"]
[SourceDate "2005.11.24"]
[SourceVersion "1"]
[SourceVersionDate "2005.11.24"]
[SourceQuality "1"]

1. e4 c5 2. Nc3 Nc6 3. f4 g6 4. Nf3 Bg7 5. g3 e6 6. Bg2 Nge7 7. d3 d6 8. 0-0 Rb8 9. Ne2 0-0 10. Rb1 b6 11. a3 Bb7 12. b4 d5 13. b5 dxe4 14. dxe4 Na5 15. Ng5 h6 16. Nh3 Qxd1 17. Rxd1 Rfd8 18. Nf2 Nc4 19. Rb3 Rxd1+ 20. Nxd1 Rd8 21. Rd3 Rxd3 22. cxd3 Na5 23. Kf2 f5 24. Ke3 fxe4 25. dxe4 Kf7 26. Kd3 Nf5 27. Bd2 c4+ 28. Kc2 Nb3 29. Bc3 1/2-1/2

[Event "NED-ch (Women)"]
[Site "Rheden"]
[Date "1995.??.??"]
[Round "?"]
[White "Wuts, Helene"]
[Black "Benschop, Anne Marie"]
[Result "1-0"]
[WhiteElo "2045"]
[BlackElo "2190"]
[PlyCount "119"]
[EventDate "1995.??.??"]
[EventType "tourn"]
[EventRounds "9"]
[EventCountry "NED"]
[SourceTitle "EXT 2006"]
[Source "ChessBase"]
[SourceDate "2005.11.24"]
[SourceVersion "1"]
[SourceVersionDate "2005.11.24"]
[SourceQuality "1"]

1. e4 c5 2. Nf3 Nc6 3. d4 cxd4 4. Nxd4 Nf6 5. Nc3 e5 6. Ndb5 d6 7. Bg5 a6 8. Na3 b5 9. Bxf6 gxf6 10. Nd5 Bg7 11. Qh5 Be6 12. Ne3 Rc8 13. Be2 Nd4 14. c3 Nxe2 15. Qxe2 Bh6 16. Nac2 Rg8 17. g3 Bxe3 18. Nxe3 Bc4 19. Qd2 Rc7 20. a4 Rd7 21. Nd5 f5 22. axb5 fxe4 23. bxa6 Ra7 24. Nb4 Qb6 25. Qe3 Qxe3+ 26. fxe3 Kd7 27. Ra3 Rga8 28. Kd2 h5 29. b3 Be6 30. Rf1 Rb8 31. Rf6 d5 32. Rh6 d4 33. exd4 exd4 34. Nc2 e3+ 35. Ke2 dxc3 36. Kxe3 Bxb3 37. Kd3 Bxc2+ 38. Kxc2 Rb2+ 39. Kxc3 Rxh2 40. Kd4 Rd2+ 41. Ke5 Ke7 42. Rb6 Rdd7 43. Re3 Ra8 44. Kf5+ Kf8 45. Kf6 Rda7 46. Ra3 Rc8 47. Ra5 Ke8 48. Rd5 Rca8 49. Rdd6 Kf8 50. Kg5 Kg7 51. Kxh5 Re7 52. Kg5 Re5+ 53. Kf4 Ra5 54. Ke4 Rc8 55. Rd7 Rc4+ 56. Kf3 Ra3+ 57. Kg2 Rg4 58. a7 Rgxg3+ 59. Kf2 Rgf3+ 60. Kg2 1-0

[Event "Olympiad Women-31"]
[Site "Moscow"]
[Date "1994.12.09"]
[Round "8"]
[White "Tverskaya, Julia"]
[Black "Benschop, Anne Marie"]
[Result "1-0"]
[WhiteElo "2155"]
[BlackElo "2195"]
[PlyCount "115"]
[EventDate "1994.12.01"]
[EventType "team-swiss"]
[EventRounds "14"]
[EventCountry "RUS"]
[SourceTitle "EXT 2019"]
[Source "ChessBase"]
[SourceDate "2018.10.10"]
[SourceVersion "1"]
[SourceVersionDate "2018.10.10"]
[SourceQuality "1"]
[WhiteTeam "United States (W)"]
[BlackTeam "Netherlands (W)"]
[WhiteTeamCountry "USA"]
[BlackTeamCountry "NED"]

1. e4 e5 2. Nf3 Nc6 3. Bb5 a6 4. Ba4 Nf6 5. 0-0 Be7 6. Re1 b5 7. Bb3 d6 8. c3 0-0 9. h3 Na5 10. Bc2 c5 11. d4 Qc7 12. Nbd2 Nc6 13. d5 Nd8 14. a4 Rb8 15. axb5 axb5 16. b4 Nd7 17. Nb3 f6 18. Be3 Nb6 19. bxc5 dxc5 20. Nfd2 c4 21. Nc1 Nf7 22. Ne2 f5 23. Bxb6 Qxb6 24. exf5 Nd6 25. Ng3 Nxf5 26. Bxf5 Bxf5 27. Nxf5 Rxf5 28. Ne4 Bc5 29. Ra2 Rbf8 30. Rf1 Rf4 31. Qe2 Be3 32. Qc2 Qg6 33. Re1 Rxf2 34. Nxf2 Bxf2+ 35. Qxf2 Rxf2 36. Rxf2 Qd6 37. Rd1 h6 38. Kh1 Qb6 39. Re2 Qd6 40. Rb2 Qd7 41. d6 e4 42. Rxb5 e3 43. Re5 Qa4 44. Re1 Qc6 45. Re6 Qd5 46. R1xe3 Kh7 47. R3e4 Qd1+ 48. Kh2 Qd5 49. h4 h5 50. R4e5 Qd1 51. Rg5 Kg8 52. Reg6 Kh8 53. Rg3 Qd2 54. R6g5 Qxd6 55. Rxh5+ Kg8 56. Rhg5 Qf4 57. Rxg7+ Kh8 58. R7g4 1-0

[Event "Olympiad Women-31"]
[Site "Moscow"]
[Date "1994.12.03"]
[Round "3"]
[White "Parveen, Tanima"]
[Black "Benschop, Anne Marie"]
[Result "1/2-1/2"]
[WhiteElo "2065"]
[BlackElo "2195"]
[PlyCount "41"]
[EventDate "1994.12.01"]
[EventType "team-swiss"]
[EventRounds "14"]
[EventCountry "RUS"]
[SourceTitle "EXT 2019"]
[Source "ChessBase"]
[SourceDate "2018.10.10"]
[SourceVersion "1"]
[SourceVersionDate "2018.10.10"]
[SourceQuality "1"]
[WhiteTeam "Bangladesh (W)"]
[BlackTeam "Netherlands (W)"]
[WhiteTeamCountry "BAN"]
[BlackTeamCountry "NED"]

1. e4 e5 2. Nf3 Nc6 3. Bc4 Bc5 4. c3 Nf6 5. d4 exd4 6. e5 d5 7. Bb5 Ne4 8. cxd4 Bb4+ 9. Nbd2 0-0 10. 0-0 Bg4 11. Bxc6 bxc6 12. Qc2 Nxd2 13. Bxd2 Bxf3 14. Bxb4 Qg5 15. g3 Qg4 16. Qc3 Rfe8 17. Rae1 a5 18. Ba3 Qh5 19. Re3 Be2 20. Re1 Bb5 21. b3 1/2-1/2

[Event "Olympiad Women-30"]
[Site "Manila"]
[Date "1992.06.21"]
[Round "12"]
[White "Richtrova, Eliska"]
[Black "Benschop, Anne Marie"]
[Result "1-0"]
[WhiteElo "2320"]
[BlackElo "2200"]
[PlyCount "109"]
[EventDate "1992.06.07"]
[EventType "team-swiss"]
[EventRounds "14"]
[EventCountry "PHI"]
[SourceTitle "EXT 2019"]
[Source "ChessBase"]
[SourceDate "2018.10.10"]
[SourceVersion "1"]
[SourceVersionDate "2018.10.10"]
[SourceQuality "1"]
[WhiteTeam "Czechoslovakia (W)"]
[BlackTeam "Netherlands (W)"]
[WhiteTeamCountry "CSR"]
[BlackTeamCountry "NED"]

1. e4 e5 2. Nf3 Nc6 3. Bb5 a6 4. Ba4 Nf6 5. 0-0 Be7 6. Re1 b5 7. Bb3 0-0 8. c3 d6 9. h3 Na5 10. Bc2 c5 11. d4 Qc7 12. Nbd2 Nc6 13. dxe5 dxe5 14. Nf1 Be6 15. N3h2 g6 16. Bh6 Rfe8 17. Qf3 Nh5 18. Ng4 Nf4 19. g3 Nh5 20. Nfe3 f6 21. Nd5 Bxd5 22. exd5 Na5 23. Ne3 Rad8 24. a4 b4 25. Qg4 Bf8 26. Bxf8 Kxf8 27. cxb4 cxb4 28. Qxb4+ Kg8 29. Qg4 Ng7 30. b4 Nb7 31. Bd3 a5 32. Bb5 Rf8 33. Rac1 Qe7 34. bxa5 Nxa5 35. Rb1 f5 36. Qb4 Qxb4 37. Rxb4 f4 38. Nc4 Nxc4 39. Bxc4 fxg3 40. fxg3 Nh5 41. Kg2 Rfe8 42. Bb5 Re7 43. Rbe4 Kg7 44. Rxe5 Rxe5 45. Rxe5 Kf6 46. Re6+ Kf7 47. Bc6 Nf6 48. Re5 Nd7 49. Re4 Nb6 50. Kf3 Rd6 51. Rd4 Kf6 52. a5 Nxd5 53. Bxd5 Ke5 54. Rd3 Ra6 55. Bg8 1-0

[Event "Olympiad Women-30"]
[Site "Manila"]
[Date "1992.06.17"]
[Round "9"]
[White "Benschop, Anne Marie"]
[Black "Sheremetieva, Marina"]
[Result "1-0"]
[WhiteElo "2200"]
[BlackElo "2195"]
[PlyCount "119"]
[EventDate "1992.06.07"]
[EventType "team-swiss"]
[EventRounds "14"]
[EventCountry "PHI"]
[SourceTitle "EXT 2019"]
[Source "ChessBase"]
[SourceDate "2018.10.10"]
[SourceVersion "1"]
[SourceVersionDate "2018.10.10"]
[SourceQuality "1"]
[WhiteTeam "Netherlands (W)"]
[BlackTeam "Moldova (W)"]
[WhiteTeamCountry "NED"]
[BlackTeamCountry "MDA"]

1. e4 d6 2. d4 Nf6 3. Nc3 e5 4. Nf3 Nbd7 5. Bc4 Be7 6. 0-0 0-0 7. Bb3 c6 8. Qe2 h6 9. dxe5 dxe5 10. Rd1 Qc7 11. Nh4 Nc5 12. Ng6 Re8 13. Nxe7+ Qxe7 14. f3 b5 15. Be3 a5 16. Qf2 Nfd7 17. a4 Nxb3 18. cxb3 b4 19. Nb1 Ba6 20. Nd2 Nf8 21. Rac1 Qb7 22. Nc4 Bxc4 23. Rxc4 Rad8 24. Rdc1 Re6 25. Qc2 Ng6 26. g3 Ne7 27. Rd1 Qc7 28. Bc5 Nc8 29. Qe2 Rxd1+ 30. Qxd1 Nd6 31. Rc2 Nb7 32. Be3 Rd6 33. Rd2 Qd7 34. Rxd6 Qxd6 35. Qxd6 Nxd6 36. Kf2 f6 37. Ke2 Kf7 38. Kd3 h5 39. Bb6 Nb7 40. Kc4 Ke6 41. Bxa5 Nxa5+ 42. Kxb4 Nb7 43. a5 Nd6 44. Kc5 Kd7 45. Kb6 Nc8+ 46. Kb7 Nd6+ 47. Kb8 c5 48. a6 Nb5 49. a7 Nc7 50. a8Q Nxa8 51. Kxa8 Kc6 52. Kb8 g5 53. h3 f5 54. g4 hxg4 55. hxg4 fxe4 56. fxe4 Kb6 57. Kc8 Kc6 58. Kd8 Kd6 59. Ke8 Ke6 60. Kf8 1-0

[Event "NED-ch (Women)"]
[Site "Dieren"]
[Date "1991.??.??"]
[Round "9"]
[White "Benschop, Anne Marie"]
[Black "Jansen, Peggy"]
[Result "1/2-1/2"]
[WhiteElo "2165"]
[BlackElo "2100"]
[PlyCount "32"]
[EventDate "1991.??.??"]
[EventType "tourn"]
[EventRounds "9"]
[EventCountry "NED"]
[SourceTitle "EXT 2000"]
[Source "ChessBase"]
[SourceDate "1999.11.16"]
[SourceVersion "1"]
[SourceVersionDate "1999.11.16"]
[SourceQuality "1"]

1. e4 b6 2. d4 Bb7 3. Nc3 e6 4. Bd3 Nc6 5. Nf3 a6 6. 0-0 Be7 7. Re1 Nf6 8. e5 Nd5 9. Nxd5 exd5 10. c3 h6 11. Bc2 d6 12. e6 g6 13. exf7+ Kxf7 14. Qd3 Qg8 15. Bf4 Bf6 16. Re3 Bc8 1/2-1/2